000 01485nam a22002777a 4500
003 OSt
005 20200930133044.0
008 200930s2003 sp ||||gr|||| 00| 0 spa d
020 _a8479535318
040 _aCO-JMCR
_cCO-JMCR
041 1 _aspa
_hy
082 0 4 _a303.48273 /
_bR449o
_223
100 1 _aRevel, Jean-François,
_eautor
_911019
245 1 3 _aLa obsesión antiamericana :
_bdinámica, causas e incongruencias /
_cJean-François Revel ; traducción de Carlos Manzano
260 _aBarcelona :
_bUrano,
_c2003.
300 _a247 páginas ;
_c23 cm.
500 _aDatos biográficos del autor en solapa frontal.
505 0 _aExposición de motivos -- Sobre algunas contradicciones del antiamericanismo. -- Antimundialismo y antiamericanismo. -- ¿Por qué tanto odio?...¡y tantos errores!. -- La peor sociedad que haya existido jamás. -- La extinción cultural. -- Simplismo de dirigentes europeos en política internacional. -- América como escapatoria.
520 0 _aEstados unidos ha sido siempre objeto de una mezcla de amor y odio, de envidia y desprecio, por parte del resto del planeta.
546 _aTitulo original: L´obsession anti-américane, Son fonctionnement, ses cuases, ses inconséquences
650 2 4 _aRelaciones diplomáticas
_zEstados Unidos
_911020
650 2 4 _aAntiamericanismo.
_zEstados Unidos
_911021
650 2 4 _aRelaciones exteriores
_zEstados Unidos
_911022
700 1 _aManzano, Carlos,
_etraductor
_910293
942 _2ddc
_cBK
999 _c6891
_d6891